| 000 | 00651nam a22002177a 4500 | ||
|---|---|---|---|
| 999 |
_c3027 _d3027 |
||
| 003 | AR-CdUCM | ||
| 008 | 190305b ||||| |||| 00| 0 spa d | ||
| 040 |
_aMUNICIPALIDAD PROVINCIAL DEL CUSCO _cBIBLIOTECA MUNICIPAL DEL CUSCO |
||
| 082 |
_a868.883 / _bQ27 |
||
| 100 |
_aEca de Queiroz, Jose Maria _910316 |
||
| 245 | _aLa Reliquia / | ||
| 260 |
_aLima : _bGráfica Panamericana ; |
||
| 300 |
_a293 páginas ; _c17cm |
||
| 440 |
_aPopulibros peruanos _95597 |
||
| 505 | _aNovela | ||
| 650 |
_aLiteratura europea _9894 |
||
| 650 |
_aLiteratura siglo XIX _93017 |
||
| 710 |
_aPopulibros peruanos _910317 |
||
| 942 |
_2ddc _cLIBROS |
||
| 945 | _anom | ||